000 00758nam a2200241 i 4500
001 bg
100 1 _aHessen, Dymitr
_d(1916-2001).
245 1 0 _aWielki słownik polsko-rosyjski.
_nT. 1,
_pA-Ó. /
_cDymitr Hessen, Ryszard Stypuła.
246 1 1 _aBol'šoj pol'sko-russkij slovar'
250 _a[Wyd. 5
_asupl. wyd. 2].
260 _aWarszawa :
_bWiedza Powszechna,
_c1998.
300 _a656 s. ;
_c25 cm.
500 _aTyt. równol. : Bol'šoj pol'sko-russkij slovar'.
650 9 _aSłownik polsko-rosyjski
700 1 _aStypuła, Ryszard.
020 _a8321409709 (2 t.)
040 _cBPK
041 0 _aplru
080 _a811.162.1::811.161.1]'374
920 _a83-214-0970-9 (2 t.)
942 _cKS
008 s pl f |000 0 pol
999 _c34344
_d34344